El Banco Mundial y el medio ambiente / informe sobre la marcha de las actividades, ejercicio de 1991
Kaydedildi:
| Müşterek Yazar: | |
|---|---|
| Materyal Türü: | Kitap |
| Dil: | Spanish |
| Baskı/Yayın Bilgisi: |
Washington, D.C.
Banco Mundial
1991
|
| Edisyon: | 1.era edición |
| Konular: | |
| Etiketler: |
Etiketle
Etiket eklenmemiş, İlk siz ekleyin!
|
MARC
| LEADER | 00000nam a22000007a 4500 | ||
|---|---|---|---|
| 003 | cru CIDCACS/IIS | ||
| 005 | 20210311062551.0 | ||
| 008 | 171215b xxu||||| |||| 00| 0 spa d | ||
| 999 | |c 40755 |d 40755 | ||
| 020 | |a 0821319051 | ||
| 040 | |c cru CIDCACS/IIS | ||
| 090 | |a 16.01.01 B213b | ||
| 110 | 1 | |9 7969 |a Banco Mundial | |
| 245 | 1 | 3 | |a El Banco Mundial y el medio ambiente / |b informe sobre la marcha de las actividades, ejercicio de 1991 |
| 250 | |a 1.era edición | ||
| 260 | |a Washington, D.C. |b Banco Mundial |c 1991 | ||
| 300 | |a vii, 154 páginas | ||
| 500 | |a Colección Alforja | ||
| 650 | 1 | 7 | |9 2662 |a BANCO MUNDIAL |
| 650 | 1 | 0 | |9 341 |a MEDIO AMBIENTE |
| 650 | 1 | 0 | |a POLITICA AMBIENTAL |9 3687 |
| 650 | 1 | 0 | |a INFORMES TECNICOS |9 1736 |
| 650 | 4 | |9 1930 |a INVESTIGACION | |
| 650 | 1 | 0 | |9 6275 |a DESARROLLO FORESTAL |
| 942 | |2 ddc |c LI | ||



